Quantitative Techniques for Financial Analysis (Record no. 2254)

MARC details
000 -LEADER
fixed length control field 00426nam a2200157Ia 4500
008 - FIXED-LENGTH DATA ELEMENTS--GENERAL INFORMATION
fixed length control field 221030s9999 xx 000 0 und d
041 ## - LANGUAGE CODE
Language code of text/sound track or separate title
082 ## - DEWEY DECIMAL CLASSIFICATION NUMBER
Classification number 105.23
Item number Gao
100 ## - MAIN ENTRY--AUTHOR NAME
Personal name J. D. Agarwal
245 #0 - TITLE STATEMENT
Title Quantitative Techniques for Financial Analysis
Statement of responsibility, etc by J. D. Agarwal, S. Ghosh
260 ## - PUBLICATION, DISTRIBUTION, ETC. (IMPRINT)
Name of publisher Indian Inst. of Finace
Place of publication Mumbai
Year of publication 1997
300 ## - PHYSICAL DESCRIPTION
Number of Pages 579
650 ## - SUBJECT ADDED ENTRY--TOPICAL TERM
Topical Term BE Management
700 ## - ADDED ENTRY--PERSONAL NAME
Personal name S. Ghosh
942 ## - ADDED ENTRY ELEMENTS (KOHA)
Koha item type Books
Holdings
Accession Number Cost, normal purchase price Serial Enumeration / chronology Full call number Price effective from Koha item type Withdrawn / writtenoff status Materials specified (bound volume or other part) Damaged status Not for loan Permanent Location Current Location Shelving location Date acquired Lost/ Missing status department
BE 1016 175.00 2 105.23 Gao 10/30/2022 Books   Print     MIET Library, Jammu MIET Library, Jammu BL-, FL-, CUP-39, SH-2, R-2 02/09/2000   BE